000 00295nam a22001337a 4500
008 170130b xxu||||| |||| 00| 0 eng d
020 _a9780131960794
041 _aeng
080 _2P9
_a61
100 _a3
101 _aSHMI
245 _aELECTRONIC HEALTH RECORDS
_cGARTEE, R
942 _2udc
_cBK
999 _c3972
_d3972